000 00878nam a2200241 a 4500
001 BRCA_8297
005 20190320210221.0
008 160614s1954----nyua###f##---#000-0#eng-#
041 _aeng
044 _anyu
050 4 _aN11
_b.H57 2 1954
245 1 0 _aThe Hispanic Society of America Museum and Library
_binformation booklet issued to mark the fiftieth anniversary of the founding of the Society
_cHispanic Society of America.
260 _aNew York
_bHispanic Society of America
_c1954
300 _a1 v. (sin paginación)
_bil.
_c19 cm.
500 _aEjemplar igual a AA13
500 _aS104
610 2 4 _aHispanic Society of America
_bMuseum
_97434
610 2 4 _aHispanic Society of America
_bLibrary
_97435
650 1 4 _aSociedades de arte
_vAniversarios
_zEstados Unidos
_97436
650 1 4 _aGalerías y museos
_zEstados Unidos
_97437
902 _aGFM
942 _2lcc
_cB
999 _c7965
_d7965